Electricidad industrial

Salvato in:
Dettagli Bibliografici
Autore principale: Dawes, Chester Laurens (Autore)
Natura: Libro
Lingua:spagnolo
Pubblicazione: Barcelona Reverté 1982
Edizione:2a. ed
Soggetti:
Tags: Aggiungi Tag
Nessun Tag, puoi essere il primo ad aggiungerne!!

MARC

LEADER 00000nam a2200000 a 4500
001 UCG0379
003 CL-VaPUC
008 100325e19820000SP |||||||||||||||||spa|d
020 |a 8429130209o.c 
082 0 4 |a 621.3  |b DAW  |2 21 
100 0 |a Dawes, Chester Laurens  |e author  |9 547764 
245 1 0 |a Electricidad industrial 
250 |a 2a. ed 
300 |a 2 t 
942 |c BK 
945 |d 20100325 00:00:00  |a rbrito 
260 |a Barcelona  |b Reverté  |c 1982 
650 7 |a ELECTRICIDAD INDUSTRIAL  |2 CL-VaPUC  |9 487287 
650 0 |a Corriente continua   |9 260069 
650 0 |a Electricidad  |9 260222 
650 0 |a Circuitos eléctricos   |9 260262 
650 7 |a RESISTENCIA  |2 CL-VaPUC  |9 355262 
650 7 |a MEDICIONES ELECTRICAS  |2 CL-VaPUC  |9 356229 
650 0 |a Magnetismo  |9 260336 
650 0 |a Electromagnetismo   |9 260123 
650 0 |a Motores eléctricos   |9 260085 
650 0 |a Corriente alterna   |9 260070 
650 7 |a SISTEMAS TRIFASICOS  |2 CL-VaPUC  |9 547765 
650 0 |a Transformadores eléctricos   |9 263198 
583 |a last modification  |c 20180404 10:12:55  |k Rodrigo Vera 
999 |c 340020  |d 340018